Welcome to the Holygrace Academy Library

Please use search bar below to get started

DONOSAUR STORIES (Record no. 2514)

MARC details
000 -LEADER
fixed length control field 00275nam a22001217a 4500
020 ## - INTERNATIONAL STANDARD BOOK NUMBER
ISBN 0-7214-1964
082 ## - DEWEY DECIMAL CLASSIFICATION NUMBER
Classification number 823
Item number KIN/D
100 ## - MAIN ENTRY--AUTHOR NAME
Personal name KIN, KAREN
245 ## - TITLE STATEMENT
Title DONOSAUR STORIES
Remainder of title FOR 5 YEARS
260 ## - PUBLICATION, DISTRIBUTION, ETC. (IMPRINT)
Place of publication ENGLAND
Name of publisher LADY BIRD
650 ## - SUBJECT ADDED ENTRY--TOPICAL TERM
Topical Term ENGLISH SHORT STORY
Geographic subdivision UK
942 ## - ADDED ENTRY ELEMENTS (KOHA)
Koha item type Books
Holdings
Withdrawn status Lost status Collection code Home library Current library Shelving location Date acquired Source of acquisition Full call number Accession Number Koha item type
    Fiction Main Library Main Library SHELF 3- C- LADY BIRD STORY BOOKS 28/03/2014 PURCHASE 823 KIN/D 08358 Books
    Fiction Main Library Main Library SHELF 3- C- LADY BIRD STORY BOOKS 16/05/2014 PURCHASE 823 KIN/D 08988 Books